000 00421nam a2200193Ia 4500
008 210210b1958 xxu||||| |||| 00| 0 eng d
041 _aeng
082 _a822/1091
100 _aSHEEN (F J)
245 _aLife is worth living I
260 _aLondon
_bNot Mentioned
_c1958
650 _aworth
650 _aliving
650 _aLife
650 _ais
650 _aI
690 _aEnglish Prose
906 _a013274
999 _c132139
_d132139